Изучение влияния условий размещения эпифитных мхов на содержание химических элементов при активном мониторинге; Естественные и технические науки; № 5 (119)
| Parent link: | Естественные и технические науки.— , 2002- № 5 (119).— 2018.— [С. 58-66] |
|---|---|
| مؤلف مشترك: | |
| مؤلفون آخرون: | , , , |
| الملخص: | Заглавие с экрана В работе обсуждаются проблемы, возникающие при использовании активного биомониторинга. Предложен метод мониторинга с использованием вертикально размещенных планшетов и эпифитного мха Pylaisia polyantha. Изучено влияние высоты, ориентации планшетов и вида дерева, на кору которого крепится планшет, на содержание химических элементов во мхах. [Библиогр.: с. 66 (12 назв.)] Режим доступа: по договору с организацией-держателем ресурса |
| اللغة: | الروسية |
| منشور في: |
2018
|
| الموضوعات: | |
| الوصول للمادة أونلاين: | https://elibrary.ru/item.asp?id=35209814 |
| التنسيق: | الكتروني فصل الكتاب |
| KOHA link: | https://koha.lib.tpu.ru/cgi-bin/koha/opac-detail.pl?biblionumber=658322 |
MARC
| LEADER | 00000naa0a2200000 4500 | ||
|---|---|---|---|
| 001 | 658322 | ||
| 005 | 20250204155055.0 | ||
| 035 | |a (RuTPU)RU\TPU\network\26032 | ||
| 090 | |a 658322 | ||
| 100 | |a 20181004d2018 k||y0rusy50 ca | ||
| 101 | 0 | |a rus | |
| 102 | |a RU | ||
| 135 | |a drcn ---uucaa | ||
| 181 | 0 | |a i | |
| 182 | 0 | |a b | |
| 200 | 1 | |a Изучение влияния условий размещения эпифитных мхов на содержание химических элементов при активном мониторинге |f Н. С. Рогова [и др.] | |
| 203 | |a Текст |c электронный | ||
| 300 | |a Заглавие с экрана | ||
| 330 | |a В работе обсуждаются проблемы, возникающие при использовании активного биомониторинга. Предложен метод мониторинга с использованием вертикально размещенных планшетов и эпифитного мха Pylaisia polyantha. Изучено влияние высоты, ориентации планшетов и вида дерева, на кору которого крепится планшет, на содержание химических элементов во мхах. | ||
| 330 | |a [Библиогр.: с. 66 (12 назв.)] | ||
| 333 | |a Режим доступа: по договору с организацией-держателем ресурса | ||
| 461 | |t Естественные и технические науки |d 2002- | ||
| 463 | |t № 5 (119) |v [С. 58-66] |d 2018 | ||
| 610 | 1 | |a электронный ресурс | |
| 610 | 1 | |a труды учёных ТПУ | |
| 610 | 1 | |a мох | |
| 610 | 1 | |a биомониторинг | |
| 610 | 1 | |a загрязнения | |
| 610 | 1 | |a атмосфера | |
| 701 | 1 | |a Рогова |b Н. С. |c физик |c доцент Томского политехнического университета, кандидат технических наук |f 1986- |g Наталья Сергеевна |3 (RuTPU)RU\TPU\pers\30609 |9 14890 | |
| 701 | 1 | |a Рыжакова |b Н. К. |c физик |c доцент Томского политехнического университета, кандидат физико-математических наук |f 1947- |g Надежда Кирилловна |3 (RuTPU)RU\TPU\pers\28003 |9 12992 | |
| 701 | 1 | |a Борисенко |b А. Л. |g Алексей Леонидович | |
| 701 | 1 | |a Кабанов |b Д. В. |c физик |c младший научный сотрудник Томского политехнического университета |f 1984- |g Денис Викторович |3 (RuTPU)RU\TPU\pers\32961 |9 16809 | |
| 712 | 0 | 2 | |a Национальный исследовательский Томский политехнический университет |b Инженерная школа ядерных технологий |b Отделение ядерно-топливного цикла |3 (RuTPU)RU\TPU\col\23554 |
| 801 | 2 | |a RU |b 63413507 |c 20181004 |g RCR | |
| 856 | 4 | |u https://elibrary.ru/item.asp?id=35209814 | |
| 942 | |c CF | ||